Лётчики-космонавты СССР (Запис номер 389283)
[ съкратено ]
| 000 -Лидер | |
|---|---|
| Контролно поле с фиксирана дължина | nkm a22 a 4500 |
| 003 - Код на организацията, давaща контролен номер | |
| Контролно поле | BLK |
| 005 - Дата и час на последна редакция | |
| Контролно поле | 20200929145726.0 |
| 008 - Елементи от данни с фиксирана дължина | |
| fixed length control field | 200720b bu ||||| |||| 00| 0 bu d |
| 040 ## - Източник на каталожния запис | |
| Идентификатор на билиотеката - собственик на записа | BLK |
| 041 ## - Код за език | |
| Код за езика на текст/звукозапис или на отделно заглавие | Руски |
| Код за езика КДБФ | Руски |
| 080 ## - УДК | |
| Текстов определител УДК | Авиация и космонавтика. Летателни апарати. Ракетна техника. Космическа техника. Космическа техника |
| УДК код - определител по УДК | 629.7 |
| УДК - код + определител | 629.7(47+57)(084)(092) |
| 080 ## - УДК | |
| Текстов определител УДК | Съветски космонавти, летци |
| УДК код - определител по УДК | 929 |
| 139 ## - Редно поле | |
| Редна дума | Лётчики-космонавты СССР |
| 245 ## - Сведения за заглавието | |
| Заглавие | Лётчики-космонавты СССР |
| Подзаглавни данни | 50 открытки в обложке |
| Редно поле (дума) | Консультант А. Куклин; оформление Л. Клодт |
| 257 ## - Страна на издаване | |
| Страна на създаване/издаване | СССР |
| 260 ## - Област на издателските данни | |
| 9 (RLIN) | 419171 |
| Място на издаване, разпространение и проч. | Москва |
| Име на издателя, разпространителя и проч. | Плакат |
| Година на издаване | 1982 |
| Издателство - префикс ISBN | 954-9926- |
| 300 ## - Физическа характеристика | |
| Страници | 1 пакет (52 открыт.) |
| Размери/Мащаб | 21Х15 см |
| Илюстрации и др. | фотогр. |
| 380 ## - Жанр | |
| Жанр | Техника |
| 500 ## - Общи забележки | |
| Забележка | 360 000 тир. |
| 650 #7 - Допълнително описание по предмет – тема | |
| 9 (RLIN) | 159548 |
| Основно описание – тема или топоним | Космонавтика - СССР |
| 653 #0 - Ключова дума – ненормативна | |
| 9 (RLIN) | 401783 |
| Ключова дума | снимкови албуми |
| 700 ## - Други автори (авторска отговорност) | |
| 9 (RLIN) | 640 |
| Лично име | Куклин, А. |
| Автороска отговорност (Описва отношението между автора и произведението) | консултант |
| 700 ## - Други автори (авторска отговорност) | |
| 9 (RLIN) | 434672 |
| Лично име | Клодт, Л. |
| Автороска отговорност (Описва отношението между автора и произведението) | оформление |
| 852 ## - Местоположение | |
| Форматна сигнатура | Цб 301816 |
| Фондова буква | Хранилище |
| 999 ## - СИСТЕМНИ КОНТРОЛНИ НОМЕРА | |
| Koha biblionumber | 389283 |
| Koha biblioitemnumber | 389283 |
| 942 ## - АРТИКУЛИ | |
| Вид на библиотечния материал | Книги |
| Скрит в OPAC | Не |
| Периодичен библиозапис | Да |
| 944 ## - СЪЗДАВАНЕ И РЕДАКЦИЯ на ЗАПИСА | |
| Създаване/Редакция | Създаване |
| Дата на регистрацията/редакция | 2020-09-29 |
| Служител, извършил регистрацията/редакцията | С.Т. |
| 999 ## - СИСТЕМНИ КОНТРОЛНИ НОМЕРА | |
| Koha biblioitemnumber | 389258 |
| 999 ## - СИСТЕМНИ КОНТРОЛНИ НОМЕРА | |
| Koha biblioitemnumber | 389240 |
| 999 ## - СИСТЕМНИ КОНТРОЛНИ НОМЕРА | |
| Koha biblioitemnumber | 389206 |
| 999 ## - СИСТЕМНИ КОНТРОЛНИ НОМЕРА | |
| Koha biblioitemnumber | 389201 |
| 999 ## - СИСТЕМНИ КОНТРОЛНИ НОМЕРА | |
| Koha biblioitemnumber | 389196 |
| Код за отписване | Код за изгубен артикул | Източник на класификационната схема | Код за повреда | Коз за рестрикции | Код за отдаване | Артикулен № | Име на библиотеката - собственик | Име на библиотеката, в която се намира в момента | Статус (Текущо местоположение) | Дата на вписване в системата | Местоположение - отдел | Цена в лева | Инвентарен номер | Систематично азбучна сигнатура | Баркод | Цена в евро | Служебен тип на артикула |
|---|---|---|---|---|---|---|---|---|---|---|---|---|---|---|---|---|---|
| Не е изгубен | Universal Decimal Classification | Не е повреден | само за читалня | ползва се в читалня | 801777 | Регионална библиотека "Любен Каравелов" Русе | Регионална библиотека "Любен Каравелов" Русе | Хранилище | 2020-09-30 | Основен фонд - ползва се само за читалня | 2.06 | 371956 | Цб 301816 | 120000371956 | 1.05 | Книги |